Чудесные русские сказки (Запись № 572492)

Подробности
000 -МАРКЕР
контрольное поле 01503nam0a2200313 4500
001 - ИДЕНТИФИКАТОР ЗАПИСИ
контрольное поле RU\NLR\bibl\1307734
005 - ИДЕНТИФИКАТОР ВЕРСИИ
контрольное поле 20260406084215.0
010 ## - МЕЖДУНАРОДНЫЙ СТАНДАРТНЫЙ НОМЕР КНИГИ (ISBN)
Номер (ISBN) 978-5-699-09992-4
Тираж 15000
021 ## - НОМЕР ГОСУДАРСТВЕННОЙ РЕГИСТРАЦИИ
Код страны Российская Федерация
Номер 2008-85536
Номер Листа государственной регистраци 4994
021 ## - НОМЕР ГОСУДАРСТВЕННОЙ РЕГИСТРАЦИИ
Код страны Российская Федерация
Номер 2012-89731
Номер Листа государственной регистраци 6633
035 ## - ДРУГИЕ СИСТЕМНЫЕ НОМЕРА
Идентификатор записи (NLR Aleph) 001293222
100 ## - ДАННЫЕ ОБЩЕЙ ОБРАБОТКИ
Данные общей обработки 20081215d2008 |||y0rusy50 ca
101 0# - ЯЗЫК РЕСУРСА
Язык текста, звукозаписи и т.д. русский
102 ## - СТРАНА ПУБЛИКАЦИИ ИЛИ ПРОИЗВОДСТВА
Страна публикации Российская Федерация
105 ## - ПОЛЕ КОДИРОВАННЫХ ДАННЫХ: ТЕКСТОВЫЕ МАТЕРИАЛЫ, МОНОГРАФИЧЕСКИЕ
Кодированные данные о монографическом текстовом документе a |||||||||
200 1# - ЗАГЛАВИЕ И СВЕДЕНИЯ ОБ ОТВЕТСТВЕННОСТИ
Основное заглавие Чудесные русские сказки
Сведения, относящиеся к заглавию [русские народные сказки в пересказе Г. Джаладян и др.
-- для чтения взрослыми детям
Первые сведения об ответственности худож.: А. Басюбина и др.]
210 ## - ПУБЛИКАЦИЯ, РАСПРОСТРАНЕНИЕ И ДР.
Место издания, распространения и т.д. Москва
Имя издателя, распространителя и т. д. Эксмо
Дата издания, распространения и т.д. 2008
215 ## - ФИЗИЧЕСКАЯ ХАРАКТЕРИСТИКА
Специфическое обозначение материала и объем 194, [5] с.
Другие сведения о физической характеристике цв. ил.
Размеры 27
327 0# - ПРИМЕЧАНИЯ О СОДЕРЖАНИИ
Текст примечания Содерж.: Волшебное кольцо; Баба-Яга; Двое из Сумы; Морозко; Лихо одноглазое; По щучьему велению; Сивка-Бурка; Кощей Бессмертный; Финист - Ясный Сокол; Чудо-Юдо [и др.]
686 ## - ИНДЕКСЫ ДРУГИХ КЛАССИФИКАЦИЙ
Индекс Ш9(2)3=Р-2я43
702 #1 - ИМЯ ЛИЦА - ВТОРИЧНАЯ ОТВЕТСТВЕННОСТЬ
Код отношения Прочие
Материалы, к которым относится поле rus
Графика поля Кириллица
Начальный элемент ввода Джаладян
Часть имени, кроме начального элемента ввода Г. С.
Расширение инициалов личного имени Галина Семеновна
Идентификатор авторитетной/нормативной записи RU\NLR\auth\7717743
Системный номер авторитетной/нормативной записи 828
702 #1 - ИМЯ ЛИЦА - ВТОРИЧНАЯ ОТВЕТСТВЕННОСТЬ
Код отношения Карикатурист, Художник
Материалы, к которым относится поле rus
Графика поля Кириллица
Начальный элемент ввода Басюбина
Часть имени, кроме начального элемента ввода А. М.
Расширение инициалов личного имени Анастасия Михайловна
Идентификатор авторитетной/нормативной записи RU\NLR\auth\7752405
Системный номер авторитетной/нормативной записи 35338
801 #0 - ИСТОЧНИК ЗАПИСИ
Страна Российская Федерация
Организация NLR
Дата составления 20081215
Правила каталогизации RCR
801 #1 - ИСТОЧНИК ЗАПИСИ
Страна Российская Федерация
Организация NLR
Дата составления 20081215
942 ## - ДОПОЛНИТЕЛЬНЫЕ ЭЛЕМЕНТЫ ЗАПИСИ (АБИС)
Тип экземпляра АБИС Книга
980 ## - КОЛЛЕКЦИЯ
Название коллекции Национальная библиография
Экземпляры
Тип экземпляра Дата поступления Источник поступления Библиотека постоянного хранения Библиотека текущего хранения Место хранения Шифр хранения Штрих-код Статус экземпляра
Книга 15.12.2008 Обязательный экземпляр РНБ (Московский) РНБ (Московский) Русский книжный фонд: издания с 1957 года 2008-7/7363 2814074  
Книга 15.12.2008 Обязательный экземпляр РНБ (Московский) РНБ (Московский) Обменный фонд   2814078  
Книга 06.12.2012 Обязательный экземпляр РНБ (Московский) РНБ (Московский) Обменный фонд   3785670  
Книга 06.12.2012 Обязательный экземпляр РНБ (Московский) РНБ (Московский) Обменный фонд   3785673